Heat and mass transfer (Record no. 5861)

000 -LEADER
fixed length control field 00529nam a2200205 4500
001 - CONTROL NUMBER
control field 5861
003 - CONTROL NUMBER IDENTIFIER
control field BD-DhUET
008 - FIXED-LENGTH DATA ELEMENTS--GENERAL INFORMATION
fixed length control field 700409m19679999is a b 000 0 eng
040 ## - CATALOGING SOURCE
Original cataloging agency DLC
Transcribing agency DLC
Modifying agency BD-DhUET
082 00 - DEWEY DECIMAL CLASSIFICATION NUMBER
Classification number 621.011
Item number ECK/1959
100 ## - MAIN ENTRY--PERSONAL NAME
Personal name Eckert, R. R. G.
245 00 - TITLE STATEMENT
Title Heat and mass transfer
250 ## - EDITION STATEMENT
Edition statement 2nd ed.
260 ## - PUBLICATION, DISTRIBUTION, ETC. (IMPRINT)
Place of publication, distribution, etc. New York
Name of publisher, distributor, etc. McGraw-Hill
Date of publication, distribution, etc. 1959
300 ## - PHYSICAL DESCRIPTION
Extent xiv, 530p.
490 1# - SERIES STATEMENT
Series statement McGraw-Hill series in mechanical engineering
650 #0 - SUBJECT ADDED ENTRY--TOPICAL TERM
Topical term or geographic name as entry element Heat-Transmission
700 ## - ADDED ENTRY--PERSONAL NAME
Personal name Drake, Robert M.
942 ## - ADDED ENTRY ELEMENTS (KOHA)
Koha item type General Book
Holdings
Koha full call number Date acquired Damaged status Withdrawn status Koha item type Lost status Koha date last seen Copy number Piece designation (barcode) Koha normalized classification for sorting Sublocation or collection (holding branch) Koha date last borrowed Not for loan Source of classification or shelving scheme Location (home branch) Shelving location Koha issues (times borrowed) Price effective from
621.011/ECK/19592014-11-29  General Book 2014-11-29 36668621_011000000000000_ECK_1959Central Library, BUET   Central Library, BUETCirculation section 2014-11-29
621.011/ECK/19592014-12-03  General Book 2014-12-03214884621_000000000000000_011ECK1959Central Library, BUET   Central Library, BUETCirculation section 2014-12-03
621.011/ECK/19592015-04-12  General Book 2015-04-12311302621_011000000000000_ECK_1959Central Library, BUET   Central Library, BUETCirculation section 2015-04-12
621.011/ECK/19592015-04-12  General Book 2015-04-12431276621_011000000000000_ECK_1959Central Library, BUET   Central Library, BUETCirculation section 2015-04-12
621.011/ECK/19592015-04-12  General Book 2015-04-12531274621_011000000000000_ECK_1959Central Library, BUET   Central Library, BUETCirculation section 2015-04-12
621.011/ECK/19592015-04-12  General Book 2015-04-12631271621_011000000000000_ECK_1959Central Library, BUET   Central Library, BUETCirculation section 2015-04-12
621.011/ECK/19592015-04-12  General Book 2015-04-12731272621_011000000000000_ECK_1959Central Library, BUET   Central Library, BUETCirculation section 2015-04-12
621.011/ECK/19592015-04-13  General Book 2021-11-28831277621_011000000000000_ECK_1959Central Library, BUET2020-03-02  Central Library, BUETCirculation section12015-04-13
621.011/ECK/19592015-04-13  General Book 2015-04-13911301621_011000000000000_ECK_1959Central Library, BUET   Central Library, BUETCirculation section 2015-04-13
621.011/ECK/19592015-04-13  General Book 2015-04-131011303621_011000000000000_ECK_1959Central Library, BUET   Central Library, BUETCirculation section 2015-04-13
621.011/ECK/19592015-04-13  General Book 2015-04-131124625621_011000000000000_ECK_1959Central Library, BUET   Central Library, BUETCirculation section 2015-04-13
621.011/ECK/19592015-04-13  General Book 2015-04-13127652621_011000000000000_ECK_1959Central Library, BUET   Central Library, BUETCirculation section 2015-04-13
621.011/ECK/19592015-04-13  General Book 2015-04-131324320621_011000000000000_ECK_1959Central Library, BUET   Central Library, BUETCirculation section 2015-04-13
621.011/ECK/19592015-04-13  General Book 2015-04-131424976621_011000000000000_ECK_1959Central Library, BUET   Central Library, BUETCirculation section 2015-04-13
621.011/ECK/19592015-04-13  General Book 2015-04-131531275621_011000000000000_ECK_1959Central Library, BUET   Central Library, BUETCirculation section 2015-04-13
621.011/ECK/19592015-06-16  General Book 2015-06-16167655621_011000000000000_ECK_1959Central Library, BUET   Central Library, BUETReading section 2015-06-16